| 000 | 00000nam##2200000za#4500 |
| 001 | 9.615329 |
| 003 | CaOODSP |
| 005 | 20210615101101 |
| 007 | ta |
| 008 | 150406|2001||||xxc||||| f|0| 0 eng|d |
| 020 | |a0-660-18289-0 |
| 022 | |a1200-5223 |
| 040 | |aCaOODSP|beng |
| 043 | |an-cn--- |
| 086 | 1 |aCS11-0019/154E |
| 245 | 00|aTraining as a human resource strategy : |bthe response to staff shortages and technological change / |cby John R. Baldwin and Valerie Peters. |
| 260 | |aOttawa - Ontario : |bStatistics Canada. |c2001. |
| 300 | |av, 37p. : |bfigs., tables ; |c28 cm. |
| 490 | 1 |aResearch paper series|x1200-5223|vNo. 154 |
| 504 | |aBibliography. |
| 563 | |aSoftcover |
| 590 | |a01-17|b2001-04-27 |
| 710 | 2 |aStatistics Canada. |bAnalytical Studies Branch. |
| 720 | 1 |aBaldwin, John R. |
| 720 | 1 |aPeters, Valerie |
| 776 | 0#|tTraining as a human resource strategy : |w(CaOODSP)9.557754 |
| 830 | #0|aResearch paper series,|x1200-5223|vNo. 154|w(CaOODSP)9.514463 |